LIBRARY ONLINE CATALOGUE

Concepts in spin electronics / (Record no. 7347)

MARC details
000 -LEADER
fixed length control field 00565nam a22001932 4500
001 - CONTROL NUMBER
control field 0000007024
005 - DATE AND TIME OF LATEST TRANSACTION
control field 20151217152020.0
008 - FIXED-LENGTH DATA ELEMENTS--GENERAL INFORMATION
fixed length control field 071108s xx 000 0 eng d
020 ## - INTERNATIONAL STANDARD BOOK NUMBER
International Standard Book Number 0198568215 :
Terms of availability KES 10740
040 ## - CATALOGING SOURCE
Original cataloging agency KABU
Transcribing agency KABU
245 10 - TITLE STATEMENT
Title Concepts in spin electronics /
Statement of responsibility, etc. ed. by Sadamichi Maekawa.
260 ## - PUBLICATION, DISTRIBUTION, ETC. (IMPRINT)
Place of publication, distribution, etc. Oxford :
Name of publisher, distributor, etc. O. U. P.,
Date of publication, distribution, etc. 2006.
300 ## - PHYSICAL DESCRIPTION
Extent xiv, 398 p.
650 #0 - SUBJECT ADDED ENTRY--TOPICAL TERM
Topical term or geographic name as entry element Spintronics.
-- 0000158046
700 1# - ADDED ENTRY--PERSONAL NAME
Personal name Maekawa, Sadamichi.
-- 0000158047
908 ## - PUT COMMAND PARAMETER (RLIN)
Put command parameter 071108
950 ## - LOCAL HOLDINGS (RLIN)
-- 1
Holdings
Withdrawn status Lost status Source of classification or shelving scheme Not for loan Home library Current library Date acquired Total Checkouts Full call number Barcode Date last seen Price effective from Koha item type
    Library of Congress Classification   Kabarak, Main Campus Kabarak, Main Campus 17/12/2015   TK7874.887 .C66 012893 17/12/2015 17/12/2015 General Collection